000 00223nam a22001097a 4500
022 _a1600-0455
245 _aACTA RADIOLOGICA
260 _aUK
_bSAGE PUBLICATION
_c2015
300 _a383
310 _aMONTHLY
942 _2ddc
_cLJ
999 _c6533
_d6533